Statistics for Guess the Footballers by their Teams #17

Click here to take the quiz!

General Stats

  • This quiz has been taken 113 times
  • The average score is 8 of 10

Answer Stats

HintAnswer% Correct
2005-. Cobreloa, Udinese, Colo-Colo (loan), River Plate (loan), Barcelona, Arsenal, Manchester United, Inter Milan (loan), Inter Milan, Chile.Alexis Sanchez
98%
2000-2021. Groningen, PSV, Chelsea, Real Madrid, Bayern Munich, Groningen, Netherlands.Arjen Robben
98%
2007-. Lille B, Lille, Chelsea, Real Madrid, Belgium.Eden Hazard
92%
2017-. Flamengo, Real Madrid B, Real Madrid, Brazil.Vinicius Junior
87%
2010-. Dinamo Zagreb, Inter Milan, Real Madrid, Chelsea (loan), Chelsea, Croatia.Mateo Kovacic
85%
2003-2021. El Nacional, Villarreal, Recearivo (loan), Wigan Athletic (loan), Wigan Athletic, Manchester United, LDU Quito, Queretaro, Ecuador.Antonio Valencia
80%
2005-. Sporting CP, Manchester United, Sporting CP (loan), Fenerbahce, Valencia, Lazio (loan), Sporting CP, Orlando City, Venezia, Portugal.Nani
79%
1951-1972. Serrano, Botafogo, Corinthians, Atletico Junior, Flamengo, Olaria, Brazil.Garrincha
51%
1990-2009. Go Ahead Eagles, Willem II, Ajax, Arsenal, Barcelona, Go Ahead Eagles, Netherlands.Marc Overmars
49%
1994-2014. Platense, Monaco, Juventus, Hercules, Baniyas, River Plate, Newell's Old Boys, FC Pune City, France.David Trezeguet
44%

Score Distribution

Percentile by Number Answered

Percent of People with Each Score

Your Score History

You have not taken this quiz